[Event "Bucharest Grand Prix"]
[Site "Bucharest"]
[Date "2023.04.29"]
[Round "2"]
[White "Ghimpu, Samuel Timotei"]
[Black "Matasaru, Stephanie"]
[Result "1-0"]
[WhiteElo "2458"]
[BlackElo "1911"]
[PlyCount "123"]
[EventDate "2023.04.29"]
[EventType "swiss (rapid)"]
[EventRounds "10"]
[EventCountry "ROU"]
[SourceTitle "CBM 213 Extra"]
[Source "ChessBase"]
[SourceDate "2023.05.31"]
[SourceVersion "1"]
[SourceVersionDate "2023.05.31"]
[SourceQuality "1"]

1. e4 c5 2. Nf3 d6 3. d4 cxd4 4. Nxd4 Nf6 5. Nc3 a6 6. h3 Nfd7 7. Be3 e6 8. a4 Be7 9. a5 Ne5 10. Be2 Nbd7 11. 0-0 Qc7 12. Qd2 Nc4 13. Bxc4 Qxc4 14. Na4 0-0 15. b3 Qc7 16. c4 Rb8 17. Rfd1 Nc5 18. Nxc5 dxc5 19. Nf3 Bf6 20. Rab1 Rd8 21. Bf4 Rxd2 22. Bxc7 Rxd1+ 23. Rxd1 Ra8 24. Bb6 Be7 25. Ne5 Kf8 26. Nd3 Bd7 27. Bxc5 Bc6 28. f3 Rd8 29. Bxe7+ Kxe7 30. Kf2 f6 31. Ke2 Be8 32. Nc5 Rxd1 33. Kxd1 Bc6 34. Kd2 Kd6 35. Nd3 g5 36. Ke3 f5 37. exf5 exf5 38. g3 h5 39. f4 g4 40. h4 Be4 41. Kd4 Bc6 42. Nc5 Bg2 43. b4 Bc6 44. Nd3 Bd7 45. Nf2 Bc6 46. Nd1 Bd7 47. Ne3 Bc6 48. Nxf5+ Ke6 49. Ne3 Bd7 50. Kc5 Bc6 51. b5 axb5 52. cxb5 Bf3 53. Kb6 Kd6 54. Nc4+ Ke6 55. Ne5 Kf5 56. a6 bxa6 57. bxa6 Ke4 58. Nxf3 gxf3 59. a7 f2 60. a8Q+ Ke3 61. Qh1 Ke2 62. f5 1-0

[Event "ROM-ch (Women)"]
[Site "Sebes"]
[Date "2023.02.26"]
[Round "9"]
[White "Matasaru, Stephanie"]
[Black "Lolici, Iselin Amanda"]
[Result "1-0"]
[WhiteElo "1975"]
[BlackElo "1847"]
[PlyCount "55"]
[EventDate "2023.02.19"]
[EventType "swiss"]
[EventRounds "9"]
[EventCountry "ROU"]
[SourceTitle "CBM 212 Extra"]
[Source "ChessBase"]
[SourceDate "2023.03.31"]
[SourceVersion "1"]
[SourceVersionDate "2023.03.31"]
[SourceQuality "1"]

1. e4 c5 2. Nf3 a6 3. c4 Nc6 4. d4 cxd4 5. Nxd4 Nf6 6. Nc3 e6 7. Nxc6 dxc6 8. Qxd8+ Kxd8 9. e5 Nd7 10. Bf4 Bb4 11. Rc1 c5 12. Be2 Rb8 13. 0-0 Bxc3 14. Rxc3 Ke7 15. Rg3 g6 16. h4 h6 17. Rb3 b6 18. Rd1 Bb7 19. Rbd3 Rbd8 20. Rd6 Ba8 21. R1d2 Bb7 22. Bd1 b5 23. Be2 b4 24. Bd1 Rhg8 25. Ba4 Bc8 26. Bxh6 Nxe5 27. Bg5+ f6 28. Rxd8 1-0

[Event "Sebes Romanian Rapid op"]
[Site "Sebes"]
[Date "2022.12.02"]
[Round "4"]
[White "Matasaru, Stephanie"]
[Black "Ceteras, Marius"]
[Result "1-0"]
[WhiteElo "1975"]
[BlackElo "2391"]
[PlyCount "89"]
[EventDate "2022.12.02"]
[EventType "swiss (rapid)"]
[EventRounds "8"]
[EventCountry "ROU"]
[SourceTitle "CBM 211 Extra"]
[Source "ChessBase"]
[SourceDate "2023.01.31"]
[SourceVersion "1"]
[SourceVersionDate "2023.01.31"]
[SourceQuality "1"]

1. e4 e5 2. Nf3 Nf6 3. Nxe5 d6 4. Nf3 Nxe4 5. d4 d5 6. Bd3 Nc6 7. 0-0 Be7 8. c4 Nb4 9. cxd5 Nxd3 10. Qxd3 Qxd5 11. Nc3 Nxc3 12. bxc3 Be6 13. Bf4 0-0 14. Rfe1 Rfe8 15. Nd2 c6 16. Re5 Qd7 17. Nf3 Bf6 18. Ng5 g6 19. Re3 Bf5 20. Rxe8+ Rxe8 21. Qg3 Bg7 22. h4 Qd5 23. Nf3 Re2 24. Be5 f6 25. Bb8 Rxa2 26. Rxa2 Qxa2 27. Qc7 Qb1+ 28. Kh2 h5 29. Bxa7 Qb2 30. Bc5 Qxf2 31. Qb8+ Kh7 32. Qxb7 Kh6 33. Qxc6 Bg4 34. d5 Qe2 35. d6 Bxf3 36. Qxf3 Qe5+ 37. g3 Qxc5 38. d7 Qe7 39. Qd3 Qd8 40. c4 Bf8 41. Qd5 Kg7 42. c5 Be7 43. c6 Qc7 44. Qe4 f5 45. Qxe7+ 1-0

[Event "ROM-ch U18 Girls"]
[Site "Eforie Nord"]
[Date "2022.04.16"]
[Round "7"]
[White "Ciolacu, Alessia Mihaela"]
[Black "Matasaru, Stephanie"]
[Result "1-0"]
[WhiteElo "2279"]
[BlackElo "1828"]
[PlyCount "97"]
[EventDate "2022.04.11"]
[EventType "swiss"]
[EventRounds "9"]
[EventCountry "ROU"]
[SourceTitle "EXT 2023"]
[Source "ChessBase"]
[SourceDate "2022.10.05"]
[SourceVersion "1"]
[SourceVersionDate "2022.10.05"]
[SourceQuality "1"]

1. d4 d5 2. c4 dxc4 3. e3 Nf6 4. Bxc4 e6 5. Nf3 c5 6. 0-0 cxd4 7. exd4 Be7 8. Nc3 a6 9. Bg5 0-0 10. Bb3 Nc6 11. Qd2 Nd5 12. Nxd5 exd5 13. Bxe7 Nxe7 14. Rfe1 Ng6 15. Bc2 Qf6 16. Qd3 Be6 17. Re3 Rfc8 18. Rae1 Rc7 19. h4 Rac8 20. Bb1 Rc1 21. Ng5 Rxe1+ 22. Rxe1 Rc4 23. Qg3 Nf8 24. Qb8 g6 25. Nf3 Qe7 26. Bd3 Qc7 27. Qxc7 Rxc7 28. Nd2 Nd7 29. f3 h5 30. Bxg6 fxg6 31. Rxe6 Rc2 32. Nb3 Kf7 33. Rd6 Nf6 34. Rb6 Rxb2 35. Rxb7+ Kf8 36. Rb6 Kf7 37. Rxa6 Rb1+ 38. Kf2 Rb2+ 39. Kg3 Nd7 40. Kh3 Nf6 41. Ra7+ Ke8 42. Nc5 Rd2 43. Ne6 Re2 44. Nc7+ Kd8 45. Nb5 Re3 46. Rg7 Ne4 47. Rxg6 Nc3 48. Nxc3 Rxc3 49. Rd6+ 1-0

[Event "ROM-ch U18 Girls"]
[Site "Eforie Nord"]
[Date "2022.04.12"]
[Round "2"]
[White "Trifoi, Mihaela Ioana"]
[Black "Matasaru, Stephanie"]
[Result "1/2-1/2"]
[WhiteElo "1912"]
[BlackElo "1828"]
[PlyCount "82"]
[EventDate "2022.04.11"]
[EventType "swiss"]
[EventRounds "9"]
[EventCountry "ROU"]
[SourceTitle "EXT 2023"]
[Source "ChessBase"]
[SourceDate "2022.10.05"]
[SourceVersion "1"]
[SourceVersionDate "2022.10.05"]
[SourceQuality "1"]

1. e4 c5 2. Nf3 d6 3. Bb5+ Nd7 4. 0-0 a6 5. Bd3 Ngf6 6. Re1 g6 7. c3 Bg7 8. Bf1 0-0 9. d4 cxd4 10. cxd4 b5 11. a4 bxa4 12. Nc3 Nb6 13. Nxa4 Nxa4 14. Rxa4 Bb7 15. d5 Nd7 16. Be3 a5 17. Qd2 Nc5 18. Bxc5 dxc5 19. Rea1 Qb6 20. R1a2 Rfc8 21. Rxa5 Rxa5 22. Qxa5 Qb3 23. Qa4 Qxa4 24. Rxa4 Bxb2 25. Ra7 Rb8 26. h4 f5 27. Bc4 fxe4 28. Ng5 Kf8 29. Nxh7+ Ke8 30. Ng5 Be5 31. g3 Bc8 32. d6 Bxd6 33. Nxe4 Bf5 34. Ng5 Kf8 35. Ne6+ Bxe6 36. Bxe6 Kg7 37. Ra4 Kf6 38. Bd5 Ke5 39. Be4 Kf6 40. Ra6 Rb4 41. f3 Rb2 1/2-1/2

[Event "ROM-ch (Women)"]
[Site "Eforie Nord"]
[Date "2022.02.25"]
[Round "7"]
[White "Matasaru, Stephanie"]
[Black "Hoanca, Alexia Ioana"]
[Result "0-1"]
[WhiteElo "1861"]
[BlackElo "1710"]
[PlyCount "138"]
[EventDate "2022.02.20"]
[EventType "swiss"]
[EventRounds "9"]
[EventCountry "ROU"]
[SourceTitle "CBM 207 Extra"]
[Source "ChessBase"]
[SourceDate "2022.05.31"]
[SourceVersion "1"]
[SourceVersionDate "2022.05.31"]
[SourceQuality "1"]

1. e4 c6 2. d4 d5 3. e5 Bf5 4. Nf3 h6 5. Be2 e6 6. 0-0 g5 7. b3 Ne7 8. c4 Nd7 9. Nc3 dxc4 10. bxc4 Bg7 11. Bb2 0-0 12. a4 c5 13. dxc5 Nxe5 14. Nxe5 Bxe5 15. Qxd8 Rfxd8 16. Rad1 Bc2 17. Rxd8+ Rxd8 18. Ba1 a6 19. Bf3 Nc6 20. Ne4 Bxe4 21. Bxe4 Bxa1 22. Rxa1 Rd4 23. Bxc6 bxc6 24. Rc1 Rd2 25. Kf1 Ra2 26. Rb1 Rxa4 27. Rb6 Rxc4 28. Rxc6 a5 29. Rc8+ Kg7 30. c6 a4 31. Ra8 Rxc6 32. Rxa4 Rc2 33. g4 f5 34. gxf5 exf5 35. Ra6 g4 36. Kg2 Rc3 37. Ra7+ Kg6 38. Ra8 Kg5 39. Rg8+ Kf4 40. Rh8 Rh3 41. Ra8 Rf3 42. Rh8 Kg5 43. Rg8+ Kf6 44. Ra8 h5 45. Rh8 Kg6 46. Rg8+ Kh7 47. Rg5 Kh6 48. Rg8 h4 49. Ra8 Kg5 50. Ra4 h3+ 51. Kf1 Rb3 52. Ra1 Kf4 53. Re1 Kf3 54. Kg1 f4 55. Rf1 Ke2 56. Ra1 Rb2 57. Rc1 Rd2 58. Ra1 Rd3 59. Ra2+ Kf3 60. Ra1 Rb3 61. Re1 Rb2 62. Ra1 Ke2 63. Rc1 Rd2 64. Ra1 Rd1+ 65. Rxd1 Kxd1 66. Kf1 f3 67. Kg1 Ke1 68. Kh1 g3 69. hxg3 Kxf2 0-1

[Event "ROM-chT (Women)"]
[Site "Mamaia"]
[Date "2021.10.06"]
[Round "5.2"]
[White "Obada, Ema"]
[Black "Matasaru, Stephanie"]
[Result "1/2-1/2"]
[WhiteElo "1964"]
[BlackElo "1909"]
[PlyCount "96"]
[EventDate "2021.10.02"]
[EventType "team-tourn"]
[EventRounds "10"]
[EventCountry "ROU"]
[SourceTitle "CBM 204 Extra"]
[Source "ChessBase"]
[SourceDate "2021.11.30"]
[SourceVersion "1"]
[SourceVersionDate "2021.11.30"]
[SourceQuality "1"]
[WhiteTeam "Sighetu Marmatiei (W)"]
[BlackTeam "Bucharest Dinamo (W)"]
[WhiteTeamCountry "ROU"]
[BlackTeamCountry "ROU"]

1. e4 c5 2. Nf3 d6 3. Bb5+ Nd7 4. a4 a6 5. Be2 Ngf6 6. Nc3 g6 7. a5 Bg7 8. 0-0 0-0 9. d3 Ng4 10. Nd2 Nge5 11. f4 Nc6 12. Nc4 b5 13. axb6 Nxb6 14. Nxb6 Qxb6 15. Nd5 Qb7 16. c3 e6 17. Ne3 Ne7 18. Qe1 Rb8 19. Qh4 f5 20. Nc4 Qc7 21. e5 dxe5 22. fxe5 Nd5 23. d4 cxd4 24. cxd4 Rb4 25. b3 Rxb3 26. Ba3 Rf7 27. Bd6 Qd7 28. Bd1 Rc3 29. Ba4 Qb7 30. Rab1 Qa7 31. Bc5 Qc7 32. Nd6 Bxe5 33. Nxf7 Kxf7 34. Qxh7+ Bg7 35. Rfc1 Rxc1+ 36. Rxc1 Qf4 37. Be8+ Kxe8 38. Qg8+ Kd7 39. Qxg7+ Kd8 40. Re1 Bd7 41. Qxg6 Qd2 42. Qg3 Nf4 43. Qg8+ Kc7 44. Rb1 Nh3+ 45. Kh1 Nf2+ 46. Kg1 Nh3+ 47. Kh1 Nf2+ 48. Kg1 Nh3+ 1/2-1/2

[Event "EU-ch (Women) 21st"]
[Site "Iasi"]
[Date "2021.08.19"]
[Round "10"]
[White "Matasaru, Stephanie"]
[Black "Abdulla, Khayala Mardan Qizi"]
[Result "0-1"]
[WhiteElo "1741"]
[BlackElo "2264"]
[PlyCount "54"]
[EventDate "2021.08.09"]
[EventType "swiss"]
[EventRounds "11"]
[EventCountry "ROU"]
[SourceTitle "CBM 203 Extra"]
[Source "ChessBase"]
[SourceDate "2021.09.30"]
[SourceVersion "1"]
[SourceVersionDate "2021.09.30"]
[SourceQuality "1"]

1. e4 c5 2. Nf3 Nf6 3. e5 Nd5 4. Nc3 e6 5. Ne4 Be7 6. c4 Nb4 7. Be2 Qc7 8. d4 cxd4 9. Bf4 Qc6 10. Bd3 d5 11. cxd5 Qxd5 12. 0-0 Nxd3 13. Qxd3 Nc6 14. a3 b6 15. Rfe1 Bb7 16. Rad1 Rd8 17. b4 a6 18. Ned2 h6 19. Nc4 g5 20. Bc1 g4 21. Nxb6 Qb5 22. Qxb5 axb5 23. Nd2 Ba6 24. a4 Bxb4 25. axb5 Bxb5 26. Re4 Bxd2 27. Bxd2 Rb8 0-1

[Event "EU-ch (Women) 21st"]
[Site "Iasi"]
[Date "2021.08.16"]
[Round "7"]
[White "Matasaru, Stephanie"]
[Black "Tarasenka, Aliaksandra"]
[Result "0-1"]
[WhiteElo "1741"]
[BlackElo "2061"]
[PlyCount "52"]
[EventDate "2021.08.09"]
[EventType "swiss"]
[EventRounds "11"]
[EventCountry "ROU"]
[SourceTitle "CBM 203 Extra"]
[Source "ChessBase"]
[SourceDate "2021.09.30"]
[SourceVersion "1"]
[SourceVersionDate "2021.09.30"]
[SourceQuality "1"]

1. e4 e6 2. d4 d5 3. Nc3 Nf6 4. e5 Nfd7 5. f4 c5 6. Nf3 Nc6 7. Be3 Be7 8. Bd3 Qb6 9. Na4 Qa5+ 10. c3 cxd4 11. b4 Bxb4 12. cxb4 Nxb4 13. Nxd4 Nxd3+ 14. Ke2 b6 15. Kf3 N3c5 16. Nb2 0-0 17. g4 f6 18. exf6 Nxf6 19. Nb3 Nxb3 20. axb3 Qb5 21. Nd3 d4 22. g5 Bb7+ 23. Ke2 dxe3 24. gxf6 Qh5+ 25. Kxe3 Qh3+ 26. Ke2 Bf3+ 0-1

[Event "EU-ch (Women) 21st"]
[Site "Iasi"]
[Date "2021.08.11"]
[Round "3"]
[White "Matasaru, Stephanie"]
[Black "Ghukasyan, Siranush"]
[Result "0-1"]
[WhiteElo "1741"]
[BlackElo "2194"]
[PlyCount "70"]
[EventDate "2021.08.09"]
[EventType "swiss"]
[EventRounds "11"]
[EventCountry "ROU"]
[SourceTitle "CBM 203 Extra"]
[Source "ChessBase"]
[SourceDate "2021.09.30"]
[SourceVersion "1"]
[SourceVersionDate "2021.09.30"]
[SourceQuality "1"]

1. e4 e5 2. Nf3 Nc6 3. Bb5 a6 4. Ba4 Nf6 5. d3 d6 6. 0-0 b5 7. Bb3 Na5 8. Nc3 Nxb3 9. axb3 Bb7 10. Ne2 g6 11. c4 Bg7 12. Ng3 0-0 13. h3 Re8 14. Be3 Nd7 15. Nd2 Nc5 16. Qc2 b4 17. f4 exf4 18. Rxf4 Ne6 19. Rff1 Nd4 20. Bxd4 Bxd4+ 21. Kh1 Be5 22. Ne2 Qe7 23. Rf2 Rf8 24. Raf1 Bg7 25. Nf3 f5 26. exf5 Rxf5 27. Ned4 Rh5 28. Re2 Qd7 29. Kh2 Rf8 30. Qc1 c5 31. Ne6 Rxf3 32. gxf3 Be5+ 33. f4 Qxe6 34. Re3 Qg4 35. Rg3 Rxh3+ 0-1

[Event "ROM-ch U16 Girls"]
[Site "Mamaia"]
[Date "2021.04.08"]
[Round "2"]
[White "Matasaru, Stephanie"]
[Black "Bira, Andrada Paraschiva"]
[Result "1/2-1/2"]
[WhiteElo "1873"]
[BlackElo "1705"]
[PlyCount "136"]
[EventDate "2021.04.07"]
[EventType "swiss"]
[EventRounds "9"]
[EventCountry "ROU"]
[SourceTitle "EXT 2022"]
[Source "ChessBase"]
[SourceDate "2021.10.06"]
[SourceVersion "1"]
[SourceVersionDate "2021.10.06"]
[SourceQuality "1"]

1. e4 c5 2. Nf3 e6 3. d4 cxd4 4. Nxd4 a6 5. Bd3 Qc7 6. 0-0 Nf6 7. Nd2 Be7 8. a4 0-0 9. Re1 d6 10. a5 Nbd7 11. Nc4 Nc5 12. Nb6 Rb8 13. Qf3 Nxd3 14. cxd3 Nd7 15. Nxd7 Bxd7 16. Be3 Rbc8 17. Rec1 Qb8 18. Qg3 Rxc1+ 19. Rxc1 Rc8 20. Rxc8+ Qxc8 21. f4 Qc7 22. Qe1 Bd8 23. b4 Bf6 24. Qd2 Ba4 25. Kf2 Kf8 26. Qa2 Bd7 27. Ne2 Bb5 28. Qb3 Qc6 29. Bd4 Bxd4+ 30. Nxd4 Qc1 31. f5 Qf4+ 32. Nf3 exf5 33. g3 Qc1 34. exf5 Bc6 35. d4 h6 36. Qe3 Qc2+ 37. Nd2 Qxf5+ 38. Qf4 Qxf4+ 39. gxf4 Bd5 40. Ke3 Ke7 41. Ne4 f5 42. Nc3 Ke6 43. h4 Bc6 44. Kf2 d5 45. Kg3 g6 46. Kf3 Kf6 47. Kg3 g5 48. hxg5+ hxg5 49. fxg5+ Kxg5 50. Ne2 Be8 51. Nf4 Bf7 52. Nd3 Be8 53. Nf4 Bc6 54. Ne2 Bb5 55. Nf4 Bc6 56. Ne2 Kf6 57. Nc3 Ke6 58. Kf4 Be8 59. Nd1 Bb5 60. Nc3 Bd7 61. Ne2 Kd6 62. Nc3 Be6 63. Na4 Kc6 64. Ke5 f4 65. Kxf4 Bh3 66. Nc3 Bg2 67. Ke5 Bf3 68. Ke6 Bg2 1/2-1/2

[Event "ROM-chT (Women)"]
[Site "Mamaia"]
[Date "2019.09.28"]
[Round "6.2"]
[White "Paraschiv, Petronela Alexandra"]
[Black "Matasaru, Stephanie"]
[Result "0-1"]
[WhiteElo "1781"]
[BlackElo "1862"]
[PlyCount "108"]
[EventDate "2019.09.21"]
[EventType "team-tourn"]
[EventRounds "7"]
[EventCountry "ROU"]
[SourceTitle "EXT 2020"]
[Source "ChessBase"]
[SourceDate "2019.10.17"]
[SourceVersion "1"]
[SourceVersionDate "2019.10.17"]
[SourceQuality "1"]

1. c4 b6 2. Nc3 Bb7 3. e4 c5 4. d3 d6 5. Nge2 Nf6 6. g3 e6 7. Bg2 a6 8. 0-0 Qc7 9. f4 Be7 10. h3 0-0 11. g4 h6 12. Qe1 Nfd7 13. f5 exf5 14. gxf5 Nf6 15. Nf4 Nbd7 16. Qg3 Kh7 17. Rf2 Ne5 18. Bf1 Rg8 19. Rg2 Bc6 20. Ncd5 Bxd5 21. cxd5 b5 22. Qe3 Qa7 23. Kh1 Bd8 24. b3 Qe7 25. Bb2 Ned7 26. Re1 Ne5 27. Be2 Nfd7 28. Reg1 Qh4 29. Qg3 Qxg3 30. Rxg3 Bg5 31. Ng2 Bf6 32. Bc1 b4 33. Be3 a5 34. d4 cxd4 35. Bxd4 Nf3 36. Rxf3 Bxd4 37. Rd1 Bc3 38. Re3 Nc5 39. Nf4 Rge8 40. Bf3 a4 41. Nd3 Nxd3 42. Rdxd3 axb3 43. axb3 Ra3 44. Bd1 Rea8 45. Kg2 Ra1 46. Kf3 Rc1 47. Re2 Raa1 48. Bc2 Rh1 49. Kg4 Rag1+ 50. Rg3 h5+ 51. Kf3 Rf1+ 52. Rf2 Rxf2+ 53. Kxf2 Rc1 54. Bd3 Be1+ 0-1

[Event "EU Union-ch U14"]
[Site "Kouty nad Desnou"]
[Date "2019.08.22"]
[Round "7"]
[White "Matasaru, Stephanie"]
[Black "Reuter, Elisa"]
[Result "1/2-1/2"]
[WhiteElo "1858"]
[BlackElo "1930"]
[PlyCount "82"]
[EventDate "2019.08.16"]
[EventType "swiss"]
[EventRounds "9"]
[EventCountry "CZE"]
[SourceTitle "EXT 2020"]
[Source "ChessBase"]
[SourceDate "2019.10.17"]
[SourceVersion "1"]
[SourceVersionDate "2019.10.17"]
[SourceQuality "1"]

1. e4 c5 2. Nf3 Nc6 3. d4 cxd4 4. Nxd4 g6 5. Nc3 Bg7 6. Be3 Nf6 7. Bc4 Qa5 8. 0-0 0-0 9. Bb3 d6 10. h3 Bd7 11. Nf3 Rac8 12. Re1 b5 13. a3 Ne5 14. Nxe5 dxe5 15. Nd5 Nxd5 16. Bxd5 Bc6 17. Bxc6 Rxc6 18. c3 Qc7 19. Qb3 Rb8 20. Rad1 a6 21. Qd5 Rd6 22. Qc5 Qd7 23. Rxd6 exd6 24. Qd5 Bf8 25. Rd1 Qb7 26. Qxb7 Rxb7 27. Rd5 Rc7 28. f3 f6 29. Kf2 Kf7 30. Ke2 Ke6 31. Kd2 Be7 32. Kd3 Bd8 33. Bb6 Rc8 34. Bxd8 Rxd8 35. c4 bxc4+ 36. Kxc4 Rc8+ 37. Kd3 Rc5 38. Rxc5 dxc5 39. Kc4 Kd6 40. a4 Kc6 41. a5 Kd6 1/2-1/2